Engländer in der Bundesliga - Statistiken

Allgemein
  • Dieses Quiz wurde 144 mal gespielt
  • Das Durchschnittsergebnis liegt bei 7 aus 28
Antwortstatistiken
Einsätze Vereine Buli-Debüt Spieler % Korrekt
45 FC Bayern München 18.08.2023 Harry Kane
95%
118 Borussia Dortmund 21.10.2017 Jadon Sancho
86%
92 Borussia Dortmund 19.09.2020 Jude Bellingham
83%
21 FC Bayern München 24.01.2024 Eric Dier
76%
59 Borussia Dortmund 16.04.2022 Jamie Gittens
63%
145 FC Bayern München 12.08.2000 Owen Hargreaves
54%
90 Hamburger SV 06.08.1977 Kevin Keegan
44%
84 Borussia M'gladbach; FC Augsburg 28.10.2017 Reece Oxford
43%
60 FC Schalke 04; Hertha BSC 17.08.2019 Jonjoe Kenny
34%
14 Bayer Leverkusen 03.09.2022 Callum Hudson-Odoi
20%
12 FC Bayern München 18.09.2021 Omar Richards
16%
131 1. FC Köln 30.11.1979 Tony Woodcock
15%
23 TSG Hoffenheim 15.09.2018 Reiss Nelson
12%
3 RB Leipzig 13.04.2019 Emile Smith Rowe
8%
21 SV Werder Bremen 06.08.2022 Lee Buchanan
8%
15 FC St. Pauli 25.08.2024 Oladapo Afolayan
8%
23 TSG Hoffenheim 17.10.2020 Ryan Sessegnon
7%
4 VfB Stuttgart 02.10.2021 Clinton Mola
3%
6 SC Paderborn 07 16.05.2020 Antony Evans
2%
2 SV Werder Bremen 11.08.1979 Dave Watson
2%
48 Fortuna Düsseldorf 13.09.1985 Dean Thomas
2%
20 VfL Bochum 06.08.2022 Jordi Osei-Tutu
2%
8 Fortuna Düsseldorf 17.08.2019 Lewis Baker
2%
61 Hannover 96; Eintracht Frankfurt; Arminia Bielefeld 01.08.1987 Peter Hobday
2%
6 SC Freiburg 17.09.2017 Ryan Kent
2%
1 Borussia M'gladbach 24.02.2018 Mandela Egbo
1%
9 Hertha BSC 09.08.1990 Mark Farrington
1%
1 VfL Wolfsburg 19.08.2017 Kaylen Hinds
0%
Keine übereinstimmenden Quizze gefunden
Verteilung der Resultate
Anzahl Personen mit jedem Resultat
Perzentil nach korrekt beantworteten Fragen
Ihre Resultats-Entwicklung
Sie haben dieses Quiz noch nicht gespielt